Apps mit den meisten Downloads 2025 - Statistiken

Allgemein
  • Dieses Quiz wurde 108 mal gespielt
  • Das Durchschnittsergebnis liegt bei 7 aus 15
Antwortstatistiken
Typ Anzahl
Downloads
Erscheinungsjahr Antwort % Korrekt
Social-Media 521 mil 2010 Instagram
99%
Messenger 405 mil 2009 WhatsApp
94%
Social-Media 431 mil 2004 Facebook
93%
KI 770 mil 2022 Chat GPT
91%
Social-Media 644 mil 2016 TikTok
83%
Social-Media 275 mil 2011 Snapchat
72%
Shopping 363 mil 2022 Temu
52%
Video Editor 334 mil 2019 CapCut
49%
Messenger 297 mil 2013 Telegram
48%
KI 354 mil 2023 Google Gemini
35%
Spiel 303 mil 2019 Block Blast
8%
Spiel 262 mil 2006 Roblox
8%
Social-Media 274 mil 2023 Threads
7%
Spiel 247 mil 2017 Free Fire
1%
Messenger 247 mil 2018 WhatsApp Business
1%
Keine übereinstimmenden Quizze gefunden
Verteilung der Resultate
Anzahl Personen mit jedem Resultat
Perzentil nach korrekt beantworteten Fragen
Ihre Resultats-Entwicklung
Sie haben dieses Quiz noch nicht gespielt